000 00425nam a2200169Ia 4500
008 090711s9999 xx 000 0 und d
082 _b16555
100 _aआपटे ह. ना.
245 _aकालकूट
260 _c1964
300 _a124
600 _aआपटे ह. ना.
630 _aकालकूट
700 _aआपटे ह. ना.
730 _aकालकूट
942 _cBOOK
999 _c295919
_d295919